Networking in open systems : international seminar, Oberlech, Austria, August 18-22, 1986 : proceedings /

Bibliographic Details
Other Authors: Müller, Günter, 1948-, Blanc, Robert P.
Format: Book
Language:English
Published: Berlin ; New York : Springer-Verlag, [1987]
Series:Lecture notes in computer science ; 248.
Subjects:

MARC

Tag First Indicator Second Indicator Subfields
LEADER 00000cam a22000008a 4500
001 in00000577335
005 20151014073351.0
008 870317s1987 wb a b 10000 eng
010 |a  87004928  
020 |a 0387177078 (U.S.) 
035 |a (OCoLC)15487833 
035 |9 ACP4355AM 
040 |a DLC  |c DLC  |d TXA  |d UtOrBLW 
049 |a TXAM  |c [A10047580] 
050 0 0 |a TK5105.5  |b .N467 1987 
082 0 |a 004.6  |2 19 
245 0 0 |a Networking in open systems :  |b international seminar, Oberlech, Austria, August 18-22, 1986 : proceedings /  |c edited by Gunter Muller and Robert P. Blanc. 
263 |a 8703 
264 1 |a Berlin ;  |a New York :  |b Springer-Verlag,  |c [1987] 
264 4 |c ©1987 
300 |a vi., 441 pages :  |b illustrations 
336 |a text  |b txt  |2 rdacontent 
337 |a unmediated  |b n  |2 rdamedia 
338 |a volume  |b nc  |2 rdacarrier 
490 1 |a Lecture notes in computer science ;  |v 248 
504 |a Includes bibliographies. 
650 0 |a Computer networks  |v Congresses. 
700 1 |a Müller, Günter,  |d 1948- 
700 1 |a Blanc, Robert P. 
830 0 |a Lecture notes in computer science ;  |v 248. 
999 |a MARS 
999 f f |s e7550791-592f-36e2-b98d-958c686da532  |i b98f8f27-e5ea-33a5-81d8-57f33607f328  |t 0 
952 f f |p ric  |a Texas A&M University  |b Rellis Campus  |c Joint Library Facility  |d Remote Storage  |t 0  |e TK5105.5 .N467 1987  |h Library of Congress classification  |i unmediated -- volume  |m A14810047580 
998 f f |a TK5105.5 .N467 1987  |t 0  |l Remote Storage